| 000 | 00930nam a2200169Ia 4500 | ||
|---|---|---|---|
| 008 | 081213s9999 xx 000 0 und d | ||
| 050 |
_aRA643.86 _b.C66 2002 |
||
| 245 |
_aComing together,caring together: _ba report on the communities responding to the HIV/AIDS epidemic(CORE) Initiative,January 2001-June 2002 |
||
| 260 |
_c2002 _aUSA |
||
| 300 |
_a40 p. _c28 cm. |
||
| 650 | _aAIDS (Disease) | ||
| 710 | _aFutures Group International | ||
| 942 |
_cBK _2lcc |
||
| 999 |
_c9151 _d9151 |
||